[Event "18th Open"]
[Site "Skopje MKD"]
[Date "2002.01.15"]
[Round "1"]
[White "Georgiev,Ki"]
[Black "Dancevski,O"]
[Result "1-0"]
[WhiteElo "2655"]
[BlackElo "2429"]

1.d4 d5 2.c4 e6 3.Nc3 Nf6 4.Nf3 c6 5.e3 Nbd7 6.Bd3 Bd6 7.e4 dxe4 8.Nxe4 Nxe4
9.Bxe4 Nf6 10.Bc2 Bb4+ 11.Bd2 Qa5 12.a3 Bxd2+ 13.Qxd2 Qxd2+ 14.Kxd2 Ke7 15.Ne5 Bd7
16.Rhe1 b6 17.f4 Rhd8 18.f5 Be8 19.Kc3 c5 20.dxc5 Rac8 21.b4 bxc5 22.b5 Rd4
23.a4 Rc7 24.a5 Rd6 25.g4 h6 26.h4 exf5 27.Bxf5 Kf8 28.g5 hxg5 29.hxg5 g6
30.Bxg6 fxg6 31.gxf6 Rxf6 32.Re3 Bf7 33.Rae1 Rf4 34.Rf3 Rxf3+ 35.Nxf3 Kg7
36.Ng5 Bg8 37.Re5 Kf6 38.Rxc5 Rxc5 39.Ne4+ Ke5 40.Nxc5 g5 41.b6 axb6 42.a6  1-0

[Event "TCh-AUT 2001-2"]
[Site "Graz AUT"]
[Date "2002.01.17"]
[Round "5"]
[White "Stohl,I"]
[Black "Chernin,A"]
[Result "1/2-1/2"]
[WhiteElo "2539"]
[BlackElo "2590"]

1.d4 d5 2.c4 c6 3.Nc3 Nf6 4.e3 e6 5.Nf3 Nbd7 6.Bd3 dxc4 7.Bxc4 b5 8.Bd3 Bb7
9.O-O a6 10.e4 c5 11.d5 Qc7 12.b3 Be7 13.dxe6 fxe6 14.Bb2  1/2-1/2

[Event "XXVII Open"]
[Site "Seville ESP"]
[Date "2002.01.19"]
[Round "9"]
[White "Epishin,V"]
[Black "Cifuentes Parada,R"]
[Result "1/2-1/2"]
[WhiteElo "2599"]
[BlackElo "2521"]

1.d4 d5 2.c4 c6 3.Nc3 Nf6 4.Nf3 e6 5.e3 Nbd7 6.Qc2 Bd6 7.Bd3 O-O 8.O-O e5
9.cxd5 cxd5 10.e4 dxe4 11.Nxe4 Nxe4 12.Bxe4 h6 13.Be3 exd4 14.Bxd4 Nf6 15.Bf5 Qa5
16.Bxc8 Rfxc8 17.Qb3 Qd5 18.Qxd5 Nxd5 19.Rfd1 Rd8 20.Kf1 Nb4 21.Bc3 Nc6 22.Nd4 Nxd4
23.Rxd4 Bc5 24.Rxd8+ Rxd8 25.Re1 Kf8 26.Re5 Bd4 27.Bb4+ Kg8 28.Re2 Bf6 29.Rc2 h5
30.b3 Rd7 31.Ke2 Kh7 32.Bd2 Bd4 33.Bb4 Bb6 34.Rc4 Rd4 35.Rxd4 Bxd4 36.Bd2 Kg6
37.f3  1/2-1/2

[Event "Corus"]
[Site "Wijk aan Zee NED"]
[Date "2002.01.22"]
[Round "9"]
[White "Lautier,J"]
[Black "Gurevich,M"]
[Result "1/2-1/2"]
[WhiteElo "2687"]
[BlackElo "2641"]

1.d4 d5 2.c4 c6 3.Nf3 Nf6 4.Nc3 e6 5.e3 a6 6.b3 c5 7.Bb2 cxd4 8.exd4 b6 9.Be2 Bb7
10.O-O Nbd7 11.Bd3 Be7 12.Qe2 O-O 13.Rac1 Qb8 14.Rfe1 Qf4 15.Qe3 Bd6 16.Ne2 Qxe3
17.fxe3  1/2-1/2

[Event "Kaissa Open"]
[Site "Kharkov UKR"]
[Date "2002.01.24"]
[Round "3"]
[White "Budnikov,O"]
[Black "Karas,B"]
[Result "1/2-1/2"]
[WhiteElo "2430"]
[BlackElo "2265"]

1.d4 d5 2.c4 c6 3.Nc3 e6 4.e3 Nf6 5.Nf3 Nbd7 6.Bd3 Bd6 7.e4 dxe4 8.Nxe4 Nxe4
9.Bxe4 e5 10.O-O exd4 11.Qxd4 Nf6 12.Bc2 Be7 13.Qc3 O-O 14.b3 Qc7 15.Re1 Bg4
16.Bb2 Rfe8 17.Ng5 Bf8 18.Rxe8 Rxe8 19.Qd3 Qa5 20.h4 Be2 21.Qc3 Qxc3 22.Bxc3 Bh5
23.Bxf6 gxf6 24.Ne4 Kg7 25.f3 Rd8 26.Re1 Bg6 27.Re2 b6 28.Kf2 f5 29.Ng3 Bc5+
30.Ke1 f4 31.Nf5+ Bxf5 32.Bxf5 Bb4+ 33.Kf2 Bc5+ 34.Ke1 Bb4+ 35.Kf2 Bc5+ 36.Kf1 Rd1+
37.Re1  1/2-1/2

[Event "Kaissa Open"]
[Site "Kharkov UKR"]
[Date "2002.01.25"]
[Round "4"]
[White "Simantsev,M"]
[Black "Kalinski,I"]
[Result "0-1"]
[WhiteElo "2383"]
[BlackElo "2240"]

1.d4 d5 2.c4 c6 3.Nc3 Nf6 4.Nf3 e6 5.e3 Nbd7 6.Qc2 Bd6 7.Be2 O-O 8.O-O dxc4
9.Bxc4 b5 10.Be2 Bb7 11.e4 e5 12.a3 a6 13.Rd1 Bc7 14.dxe5 Nxe5 15.Nd4 Ng6
16.g3 Re8 17.Bf3 Be5 18.Nf5 c5 19.Bg5 Ne7 20.Nxe7+ Rxe7 21.a4 Bxc3 22.bxc3 Rc8
23.axb5 axb5 24.Re1 Re6 25.Bg2 Nxe4 26.Bf4 Qd7 27.Ra7 Qc6 28.Be3 h6 29.Rd1  0-1

[Event "TCh-ISR"]
[Site "ISR"]
[Date "2002.01.26"]
[Round "3"]
[White "Shabtai,R"]
[Black "Polgar,S"]
[Result "0-1"]
[WhiteElo "2293"]
[BlackElo "2464"]

1.d4 d5 2.c4 e6 3.Nc3 c6 4.e3 Nf6 5.Nf3 Nbd7 6.Qc2 Bd6 7.Be2 dxc4 8.Bxc4 O-O
9.O-O e5 10.dxe5 Nxe5 11.Nxe5 Bxe5 12.e4 Qe7 13.Bd3 Re8 14.h3 Nh5 15.Ne2 Qh4
16.f4 Bc7 17.e5 Bxh3 18.Be3 Bxg2 19.Kxg2 Qg4+ 20.Kh2 Rxe5 21.fxe5 Bxe5+ 22.Bf4 Nxf4
23.Bxh7+ Kh8 24.Nxf4 Bxf4+ 25.Rxf4 Qxf4+ 26.Kg2 Rd8 27.Bd3 Rd5 28.Qe2 Qg5+
29.Kf1 Qf6+ 30.Ke1 Re5 31.Be4 Qh4+  0-1

[Event "Kaissa Open"]
[Site "Kharkov UKR"]
[Date "2002.01.26"]
[Round "5"]
[White "Kononenko,T"]
[Black "Shalimov,V UKR"]
[Result "0-1"]
[WhiteElo "2371"]
[BlackElo "2452"]

1.d4 e6 2.Nf3 Nf6 3.c4 d5 4.Nc3 c6 5.e3 Nbd7 6.Qc2 Bd6 7.Bd3 O-O 8.O-O dxc4
9.Bxc4 b5 10.Be2 Bb7 11.Rd1 Qc7 12.e4 e5 13.dxe5 Nxe5 14.g3 Rfe8 15.Bg5 b4
16.Bxf6 gxf6 17.Na4 c5 18.Rac1 Rac8 19.b3 Bf8 20.Nd4 Ng6 21.Bf3 Qe5 22.Nf5 Bxe4
23.Qxe4 Qxe4 24.Bxe4 Rxe4 25.Nd6 Bxd6 26.Rxd6 c4 27.Nb2 c3 28.Nc4 Re2 29.Ra6 Ne5
30.Nxe5 fxe5 31.Kf1 Rd2 32.Ke1 Rcd8 33.Rxa7 c2 34.Ra8 Rd1+  0-1

[Event "Corus"]
[Site "Wijk aan Zee NED"]
[Date "2002.01.27"]
[Round "13"]
[White "Van Wely,L"]
[Black "Gurevich,M"]
[Result "1/2-1/2"]
[WhiteElo "2697"]
[BlackElo "2641"]

1.Nf3 d5 2.d4 Nf6 3.c4 c6 4.Nc3 e6 5.e3 Nbd7 6.Qc2 Bd6 7.Bd3 O-O 8.O-O h6
9.b3 b6 10.Bb2 Bb7 11.Rfd1 Qe7 12.cxd5 cxd5 13.Nb5 Rfc8 14.Qe2 Bb8 15.Rdc1 Rxc1+
16.Rxc1 Qd8 17.Ba3 Ne8 18.Qb2 a6 19.Nc3 b5 20.Ne2 Bc7 21.Ne5 Rc8 22.Nxd7 Qxd7
23.Bc5 Nf6 24.b4 Ne4 25.Nf4 Nxc5 26.bxc5 Bc6 27.Bb1 a5 28.Qc2  1/2-1/2

[Event "Kaissa Open"]
[Site "Kharkov UKR"]
[Date "2002.01.29"]
[Round "8"]
[White "Iljin,T"]
[Black "Kalinski,I"]
[Result "0-1"]
[WhiteElo "2064"]
[BlackElo "2240"]

1.d4 Nf6 2.c4 c6 3.Nc3 d5 4.Nf3 e6 5.e3 Nbd7 6.Qc2 Bd6 7.Be2 O-O 8.O-O dxc4
9.Bxc4 b5 10.Be2 Bb7 11.Rd1 Qe7 12.Ne4 Nxe4 13.Qxe4 a6 14.a4 bxa4 15.Rxa4 Nf6
16.Qc2 c5 17.b3 Rfc8 18.Qa2 cxd4 19.Raxd4 Nd5 20.Bb2 Rc2 21.Bd3 Nc3 22.Bxc2 Nxa2
23.Rxd6 Bd5 24.Be5 f6 25.Bg3 Nc3 26.Rd2 Nb5  0-1

[Event "39th BPCL ch-IND"]
[Site "Nagpur IND"]
[Date "2002.01.29"]
[Round "13"]
[White "Sasikiran,K"]
[Black "Harikrishna,P"]
[Result "1-0"]
[WhiteElo "2569"]
[BlackElo "2525"]

1.d4 d5 2.c4 c6 3.Nc3 Nf6 4.Nf3 e6 5.e3 Nbd7 6.Bd3 dxc4 7.Bxc4 b5 8.Bd3 a6
9.e4 c5 10.e5 cxd4 11.Nxb5 axb5 12.exf6 Nxf6 13.Bxb5+ Bd7 14.Bxd7+ Qxd7 15.Qxd4 Qb5
16.a4 Bb4+ 17.Bd2 Bxd2+ 18.Nxd2 Qb7 19.O-O O-O 20.Nc4 Rfd8 21.Qc3 Rd5 22.a5 Rg5
23.g3 h6 24.Rfd1 Nd5 25.Qd4 h5 26.f4 Rg4 27.Qe4 Qb4 28.Rxd5 exd5 29.Qxd5 Ra7
30.Ne5 Qxf4 31.Nxg4 Qxg4 32.a6 Qb4 33.Qd8+ Kh7 34.Qd3+ g6 35.b3 Qb6+ 36.Kg2 Qc6+
37.Qf3 Rxa6 38.Rxa6 Qxa6 39.Qxf7+ Kh6 40.Qf8+ Kh7 41.Qe7+ Kh6 42.Qe3+ Kh7
43.h4 Qc6+ 44.Kf1 Qf6+ 45.Qf2 Qa6+ 46.Kg1 Qd3 47.Qf7+ Kh6 48.Qf4+ Kh7 49.b4 Qe2
50.Qf7+ Kh6 51.Qf2 Qd1+ 52.Kh2 Qb1 53.Qf4+ Kh7 54.Qc7+ Kh6 55.Qc3 Kh7 56.Kg2 Qe4+
57.Kf2 Qf5+ 58.Ke3 Qe6+ 59.Kd2 Qa2+ 60.Qc2 Qa3 61.Qc7+ Kg8 62.Qc3 Qa2+ 63.Qc2 Qd5+
64.Qd3 Qa2+ 65.Kc3 Kh7 66.b5 Qa4 67.Qd7+ Kh6 68.Qd4 Qa3+ 69.Kc4 Kh7 70.Qd7+ Kh6
71.Qd3 Qc1+ 72.Qc3 Qf1+ 73.Kb4 Qb1+ 74.Ka5 Qa2+ 75.Kb6 Qe6+ 76.Kb7 Qf7+ 77.Qc7 Qd5+
78.Ka6 Qa2+ 79.Qa5 Qd5 80.Qc7 Qa2+ 81.Kb6 Qe6+ 82.Ka7 Qa2+ 83.Kb8 Qe6 84.b6 Qe8+
85.Qc8 Qe5+ 86.Ka7 Qa5+ 87.Qa6 Qc5 88.Qd3 Qa5+ 89.Kb7 Qc5 90.Ka6 Qc6 91.Qe3+ Kh7
92.Qe7+ Kh6 93.Qf8+ Kh7 94.Qf7+ Kh8 95.Ka7 Qc5 96.Qc7 Qa3+ 97.Kb8 g5 98.b7 gxh4
99.gxh4 Qe3 100.Qd6 Qe8+ 101.Kc7 Qf7+ 102.Kb6 Qb3+ 103.Kc7 Qf7+ 104.Qd7 Qc4+
105.Kb8 Qxh4 106.Qe8+ Kh7 107.Qd7+ Kh6 108.Ka7 Qf2+ 109.Ka6 Qa2+ 110.Kb6 Qb3+
111.Kc7 Qc3+ 112.Qc6+ Qxc6+ 113.Kxc6 h4 114.b8=Q Kg5 115.Qh2 Kg4 116.Kd5 Kf3
117.Qxh4 Ke3 118.Qg3+ Kd2 119.Kd4 Kc2 120.Qd3+ Kb2 121.Qc3+ Ka2 122.Kc4 Kb1
123.Qd2 Ka1 124.Kb3 Kb1 125.Qb2+  1-0

[Event "Kaissa Open"]
[Site "Kharkov UKR"]
[Date "2002.01.30"]
[Round "9"]
[White "Simantsev,M"]
[Black "Tikhomirov,Al"]
[Result "0-1"]
[WhiteElo "2383"]
[BlackElo "2256"]

1.d4 Nf6 2.c4 e6 3.Nc3 d5 4.Nf3 c6 5.e3 Bd6 6.Qc2 O-O 7.b3 b6 8.Bd3 Nbd7
9.O-O c5 10.cxd5 exd5 11.Bb2 Bb7 12.Nb5 Be7 13.Rac1 a6 14.Nc3 Bd6 15.Rfd1 Qe7
16.Qe2 Rfe8 17.Bf5 Rad8 18.Bd3 b5 19.dxc5 Nxc5 20.Bf5 g6 21.Bh3 b4 22.Na4 Nxa4
23.bxa4 Ne4 24.Qd3 d4 25.Nxd4 Nc5 26.Qf1 Nxa4 27.Ba1 Qe4 28.Nb3 Nc3 29.Bxc3 bxc3
30.Nd4 Qe5 31.g3 Qa5 32.Bg2 Bxg2 33.Qxg2 Ba3 34.Qc6 Bxc1 35.Rxc1 Rc8 36.Qd7 Red8
37.Qe7 Qxa2 38.h4 Qb2 39.Ne6 Qxc1+  0-1

[Event "7th HIT Open"]
[Site "Nova Gorica SLO"]
[Date "2002.02.01"]
[Round "2"]
[White "Kozul,Z"]
[Black "Jeric,S"]
[Result "1-0"]
[WhiteElo "2606"]
[BlackElo "2303"]

1.d4 d5 2.c4 c6 3.Nf3 Nf6 4.Nc3 e6 5.e3 Nbd7 6.Bd3 dxc4 7.Bxc4 b5 8.Bd3 Bb7
9.O-O a6 10.e4 b4 11.Na4 c5 12.e5 Nd5 13.dxc5 Nxc5 14.Bg5 Qd7 15.Bc2 Bc6
16.Nxc5 Bxc5 17.Nd4 Bxd4 18.Qxd4 h6 19.Bd2 Qb7 20.Rac1 O-O-O 21.Ba4 Nc7 22.Qxd8+ Rxd8
23.Bxc6 Qb6 24.Be3 Qa5 25.Bc5 Rd2 26.a3 Rxb2 27.axb4 Qa2 28.Bd6 Rc2 29.Be4 Rxc1
30.Rxc1 Qd2 31.Rxc7+ Kd8 32.h3 Qe1+ 33.Kh2 Qxe4 34.Rxf7 g6 35.f3 Qd3 36.Kg3 Qd2
37.Rf6 Qg5+ 38.Kh2 Kd7 39.f4 Qh5 40.Bc5 g5 41.f5 exf5 42.e6+ Kc7 43.e7 g4
44.Rf8 f4 45.e8=Q  1-0

[Event "TCh-FRA Nat 1"]
[Site "Monaco FRA"]
[Date "2002.02.02"]
[Round "2"]
[White "Karr,JP"]
[Black "Berthelot,Y"]
[Result "1-0"]
[WhiteElo "2402"]
[BlackElo "2273"]

1.d4 d5 2.c4 c6 3.Nf3 Nf6 4.Nc3 e6 5.e3 Nbd7 6.Qc2 Bd6 7.Bd3 dxc4 8.Bxc4 O-O
9.O-O a6 10.Rd1 c5 11.dxc5 Bxc5 12.h3 b5 13.Bd3 Bb7 14.e4 Qb6 15.Bf4 h6 16.Qe2 Rfd8
17.a3 Rac8 18.Rac1 Qa7 19.Bg3 b4 20.axb4 Bxb4 21.Bh4 g5 22.Bg3 Bxc3 23.bxc3 Nc5
24.Be5 Nxd3 25.Bxf6 Nf4 26.Qc2 Rxd1+ 27.Rxd1 Qc5 28.Kh2 Qc4 29.Nd4 Nh5 30.Be5 Qc5
31.Nf3 Qc6 32.Re1 f6 33.Bd4 e5 34.Qb3+ Kg7 35.Be3 Ba8 36.Qb4 Kf7 37.Rd1 Rc7
38.Rd8 Bb7 39.Qf8+ Kg6 40.Nxe5+ fxe5 41.Rd6+  1-0

[Event "FSGM February"]
[Site "Budapest HUN"]
[Date "2002.02.04"]
[Round "3"]
[White "Mensch,E"]
[Black "Sedlak,N"]
[Result "0-1"]
[WhiteElo "2380"]
[BlackElo "2442"]

1.d4 d5 2.c4 c6 3.Nf3 Nf6 4.Nc3 e6 5.e3 Nbd7 6.Bd3 dxc4 7.Bxc4 b5 8.Bd3 Bd6
9.e4 e5 10.Be3 O-O 11.O-O Re8 12.a3 a6 13.b4 exd4 14.Bxd4 c5 15.bxc5 Bxc5
16.Bxf6 Qxf6 17.Nd5 Qd6 18.a4 b4 19.a5 Bb7 20.Qb3 Bxd5 21.exd5 Nf6 22.Rac1 Rac8
23.h3 g6 24.Rfe1 Rxe1+ 25.Rxe1 Nh5 26.Kf1 Bxf2 27.Kxf2 Rc3 28.Qd1 Qc5+ 29.Re3 Nf4
30.Ne1 Nxd5  0-1

[Event "Aeroflot Open"]
[Site "Moscow RUS"]
[Date "2002.02.05"]
[Round "2"]
[White "Avrukh,B"]
[Black "Shinkevich,V"]
[Result "1-0"]
[WhiteElo "2591"]
[BlackElo "2480"]

1.d4 d5 2.c4 c6 3.Nc3 Nf6 4.e3 e6 5.Nf3 Nbd7 6.Bd3 dxc4 7.Bxc4 b5 8.Bd3 Bb7
9.a3 Bd6 10.O-O O-O 11.Qc2 Qe7 12.e4 e5 13.Ne2 c5 14.Ng3 g6 15.dxe5 Nxe5
16.Bxb5 Nxf3+ 17.gxf3 Rab8 18.Bc4 Be5 19.Be3 Bd4 20.Rad1 Rfd8 21.Rd2 h5 22.e5 Nd5
23.Bxd4 cxd4 24.Rxd4 h4 25.Ne4 Nf4 26.Nf6+ Qxf6 27.exf6 Rxd4 28.Rd1 Rbd8
29.Rxd4 Rxd4 30.h3 Nxh3+ 31.Kh2 Nf4 32.Qb3  1-0

[Event "Aeroflot Open"]
[Site "Moscow RUS"]
[Date "2002.02.06"]
[Round "3"]
[White "Korotylev,A"]
[Black "Gagunashvili,M"]
[Result "1-0"]
[WhiteElo "2564"]
[BlackElo "2486"]

1.d4 d5 2.c4 c6 3.Nc3 Nf6 4.e3 e6 5.Nf3 Nbd7 6.Bd3 dxc4 7.Bxc4 b5 8.Bd3 Bb7
9.O-O a6 10.e4 c5 11.d5 Qc7 12.dxe6 fxe6 13.Bc2 Bd6 14.Ng5 Nf8 15.f4 e5 16.Nd5 Bxd5
17.exd5 h6 18.fxe5 Bxe5 19.Nf3 O-O-O 20.a4 Rxd5 21.Qe2 N8d7 22.axb5 Re8 23.Nxe5 Rexe5
24.Qf3 axb5 25.Bf4 Qb6 26.Bxe5 Nxe5 27.Qg3 c4+ 28.Kh1 Qb7 29.Bf5+ Kb8 30.Rfe1 Qc7
31.Qa3 Qb7 32.Qf8+ Kc7 33.Qxg7+ Ned7 34.Bxd7 Rg5 35.Bc6+ Rxg7 36.Bxb7 Kxb7
37.Re5 Ng4 38.Rxb5+ Kc6 39.Rh5 Nf2+ 40.Kg1 Nd3 41.Ra6+ Kb7 42.Raxh6 Re7 43.h4 Re1+
44.Kh2 Re2 45.Rg5 Rxb2 46.Rg7+ Ka8 47.Rh8+ Rb8 48.Rxb8+ Kxb8 49.h5  1-0

[Event "Aeroflot Open"]
[Site "Moscow RUS"]
[Date "2002.02.06"]
[Round "3"]
[White "Tunik,G"]
[Black "Sveshnikov,E"]
[Result "1/2-1/2"]
[WhiteElo "2469"]
[BlackElo "2565"]

1.d4 d5 2.c4 e6 3.Nf3 Nf6 4.Nc3 c6 5.e3 Nbd7 6.Bd3 dxc4 7.Bxc4 b5 8.Bd3 b4
9.Ne4 Nxe4 10.Bxe4 Bb7 11.O-O Be7 12.a3 a5 13.axb4 axb4 14.Bd2 O-O 15.Qe2 Qb6
16.Rfc1 Rxa1 17.Rxa1 Nf6 18.Bd3 c5 19.dxc5 Bxc5 20.Be1 Rd8 21.Bc4 g6 22.Rd1 Rc8
23.Bd3 Rd8  1/2-1/2

[Event "Aeroflot Open"]
[Site "Moscow RUS"]
[Date "2002.02.06"]
[Round "3"]
[White "Akhmetov,A"]
[Black "Beshukov,S"]
[Result "1/2-1/2"]
[WhiteElo "2482"]
[BlackElo "2465"]

1.c4 e6 2.Nc3 d5 3.d4 c6 4.e3 Nf6 5.Nf3 Nbd7 6.Bd3 dxc4 7.Bxc4 b5 8.Bd3 Bb7
9.e4 b4 10.e5 bxc3 11.exf6 Nxf6 12.bxc3 Bd6 13.Rb1 Qc7 14.Qb3 Rb8 15.Ba3 O-O
16.Bxd6 Qxd6 17.Qb4 Qf4 18.O-O Ba6 19.Bxa6 Rxb4 20.cxb4 Nd5 21.a3 g5 22.Rbd1 Rd8
23.Rd3 Nc7 24.Bc4 Nb5 25.Bxb5 cxb5 26.Nxg5 Rxd4 27.Rg3 Kh8 28.h4 Qc7 29.Nf3 Rd8
30.Re1 Rg8 31.Rg5 Rxg5 32.hxg5 Qc3 33.Re3 Qc1+ 34.Kh2 Kg7 35.Ne5 Qc7 36.g3 h6
37.gxh6+ Kxh6 38.Kg2 Kg7 39.Nf3 Qc6 40.Kg1 Qc4 41.Kg2 f6 42.Kg1 e5 43.Kg2 Qd5
44.Kg1  1/2-1/2

[Event "FSFMA February"]
[Site "Budapest HUN"]
[Date "2002.02.07"]
[Round "6"]
[White "Ignacz,M"]
[Black "Por,A"]
[Result "1-0"]
[WhiteElo "2069"]
[BlackElo "2077"]

1.d4 d5 2.c4 c6 3.Nf3 Nf6 4.e3 e6 5.Nc3 Nbd7 6.Bd3 dxc4 7.Bxc4 b5 8.Bd3 a6
9.O-O c5 10.b3 Bb7 11.dxc5 Nxc5 12.Be2 Qb6 13.Bb2 Be7 14.b4 Ncd7 15.a3 O-O
16.Qb3 Rac8 17.Rfd1 Rc7 18.Rd2 Rfc8 19.Rad1 Qa7 20.a4 bxa4 21.Nxa4 Bd5 22.Qa3 Ne4
23.Bd4 Qb7 24.Rb2 Rc1 25.Nc5 Rxd1+ 26.Bxd1 Nexc5 27.bxc5 Qc6 28.Be2 Bxc5
29.Qxa6 Bxf3 30.gxf3 Bxd4 31.Qxc6 Rxc6 32.exd4 Kf8 33.Rd2 Rd6 34.Rd1 Ke7
35.Kg2 Nf6 36.Bc4 Nd5 37.Kg3 Kf6 38.Rd2 Ne7 39.Kf4 g6 40.Ke4 Nd5 41.f4 g5
42.fxg5+ Kxg5 43.Ke5 Rd8 44.Rd1 Kg4 45.Rg1+ Kf3 46.Rg7 Kxf2 47.Rxf7+ Ke3
48.Rxh7 Nf4 49.Bxe6 Rxd4 50.Bc8 Rd8 51.Bb7 Rg8 52.h4 Rg4 53.Kf5 Rg3 54.Re7+  1-0

[Event "Aeroflot Open"]
[Site "Moscow RUS"]
[Date "2002.02.07"]
[Round "5"]
[White "Kosyrev,V"]
[Black "Yagupov,I"]
[Result "1/2-1/2"]
[WhiteElo "2565"]
[BlackElo "2466"]

1.d4 d5 2.c4 c6 3.Nc3 Nf6 4.e3 e6 5.Nf3 Nbd7 6.Qc2 Bd6 7.b3 O-O 8.Be2 b6
9.O-O Bb7 10.Bb2 Qe7 11.e4 Nxe4 12.Nxe4 dxe4 13.Qxe4 Rad8 14.Rad1 Nf6 15.Qe3 c5
16.Ne5 cxd4 17.Bxd4 Nd7 18.Nxd7 Rxd7 19.Be5  1/2-1/2

[Event "Aeroflot Open"]
[Site "Moscow RUS"]
[Date "2002.02.07"]
[Round "5"]
[White "Riazantsev,A"]
[Black "Galkin,A"]
[Result "1/2-1/2"]
[WhiteElo "2511"]
[BlackElo "2570"]

1.d4 d5 2.c4 e6 3.Nf3 c6 4.e3 Nf6 5.Nc3 Nbd7 6.Qc2 Bd6 7.b3 O-O 8.Be2 b6
9.O-O Bb7 10.Bb2 Qe7 11.Rfd1 Rfd8 12.Rac1 Rac8 13.Qb1 h6 14.cxd5 Nxd5 15.Ne4 Bb8
16.Rd2 a5 17.Nc3 Nxc3 18.Bxc3 c5 19.dxc5 Nxc5 20.Rxd8+ Rxd8 21.Bd4  1/2-1/2

[Event "Aeroflot Open"]
[Site "Moscow RUS"]
[Date "2002.02.08"]
[Round "6"]
[White "Tkachiev,V"]
[Black "Kaidanov,G"]
[Result "1/2-1/2"]
[WhiteElo "2634"]
[BlackElo "2596"]

1.d4 d5 2.c4 e6 3.Nc3 c6 4.e3 Nf6 5.Nf3 Nbd7 6.Bd3 Bd6 7.e4 dxe4 8.Nxe4 Nxe4
9.Bxe4 O-O 10.O-O h6 11.Bc2 e5 12.Qd3 f5 13.c5 Bc7 14.Qc4+ Kh8 15.dxe5 Nxe5
16.Nxe5 Bxe5 17.Bf4 Qd4 18.Qxd4 Bxd4 19.Rad1 Bxb2 20.Rfe1 Bf6 21.Rd6 b6 22.Be5 Ba6
23.Bxf6 Rxf6 24.Rxf6 gxf6 25.Re6 Rf8 26.Re7 Rd8 27.Rxa7 Bd3 28.Bxd3 Rxd3
29.Kf1 bxc5 30.Ke2 Rd4 31.Rf7 Rd6 32.Re7  1/2-1/2

[Event "75th KSU"]
[Site "Copenhagen DEN"]
[Date "2002.02.09"]
[Round "1"]
[White "Gausel,E"]
[Black "Brinck Claussen,B"]
[Result "1/2-1/2"]
[WhiteElo "2520"]
[BlackElo "2359"]

1.d4 d5 2.c4 c6 3.Nf3 Nf6 4.Nc3 e6 5.e3 Nbd7 6.Qc2 Bd6 7.Bd3 O-O 8.O-O e5
9.cxd5 cxd5 10.e4 exd4 11.Nxd5 Nxd5 12.exd5 h6 13.Re1 Nb6 14.Be4 f5 15.Bd3 Kh8
16.Bd2 Nxd5 17.Qc4 Nf4 18.Bf1 Qf6 19.Qxd4 Qxd4 20.Nxd4 Bd7 21.Bb5 Rfd8 22.Bxd7 Rxd7
23.Nxf5 Nd3 24.Re2 Be5 25.Bc3 Bxc3 26.bxc3 Rc8 27.h4 Rxc3 28.g3 Rc5 29.Ne3 Rc1+
30.Rxc1 Nxc1 31.Rc2 Nd3 32.h5 Ne1 33.Rc8+ Kh7 34.Kf1 Nf3 35.Kg2 Ne1+ 36.Kf1 Nf3
37.Re8 Nd4 38.Rc8 Nf3  1/2-1/2

[Event "Aeroflot Open"]
[Site "Moscow RUS"]
[Date "2002.02.09"]
[Round "7"]
[White "Ulko,J"]
[Black "Geller,J"]
[Result "0-1"]
[WhiteElo "2484"]
[BlackElo "2417"]

1.d4 d5 2.c4 e6 3.Nc3 c6 4.e3 Nf6 5.Nf3 Nbd7 6.Bd3 dxc4 7.Bxc4 b5 8.Bd3 a6
9.e4 c5 10.e5 cxd4 11.Nxb5 axb5 12.exf6 Qb6 13.fxg7 Bxg7 14.Qe2 b4 15.O-O Bb7
16.Bf4 O-O 17.Rac1 Nc5 18.Ne5 f6 19.Qg4 fxe5 20.Bxe5 Rf7 21.Bxd4 Qd6 22.Bxh7+ Kxh7
23.Bxc5 Qf4 24.Qxe6 Ra6 25.Qh3+ Rh6 26.Be3 Rxh3 27.Bxf4 Rd3 28.Rc4 Rd4 29.Rxd4 Bxd4
30.Bd6 Ba6 31.Rd1 Rxf2 32.h4 Rd2+  0-1

[Event "Aeroflot Open"]
[Site "Moscow RUS"]
[Date "2002.02.09"]
[Round "7"]
[White "Aleksandrov,A"]
[Black "Potkin,V"]
[Result "1-0"]
[WhiteElo "2645"]
[BlackElo "2481"]

1.c4 e6 2.d4 d5 3.Nc3 c6 4.e3 Nf6 5.Nf3 Nbd7 6.a3 Bd6 7.c5 Bc7 8.b4 e5 9.dxe5 Nxe5
10.Nd4 Qe7 11.Qc2 O-O 12.h3 Bd7 13.Be2 b6 14.Na4 Ne4 15.Bb2 f5 16.g3 b5 17.Nc3 a5
18.Ndxb5 cxb5 19.Nxd5 Qd8 20.Rd1 Bc6 21.Nb6 Qe7 22.Nxa8 Rxa8 23.O-O Ng5 24.Bxe5 Qxe5
25.Kh2 Kh8 26.f4 Qxe3 27.Rd3 Qe4 28.Bd1 axb4 29.fxg5 Qc4 30.Qxc4 bxc4 31.Rd2 Rxa3
32.Rxf5 Kg8 33.Be2 Bxg3+ 34.Kg1 Ra1+ 35.Bf1 g6 36.Rf6 Be4 37.Rd8+ Kg7 38.Rd7+ Kg8
39.Rd8+ Kg7 40.Rd7+ Kg8 41.Re6 Kf8 42.Rxe4 b3 43.Rd8+ Kf7 44.Rd7+ Kf8 45.Rd8+ Kf7
46.Kg2 Rxf1 47.Kxf1 c3 48.Rd7+ Kf8 49.Ra4  1-0

[Event "Aeroflot Open"]
[Site "Moscow RUS"]
[Date "2002.02.09"]
[Round "7"]
[White "Aleksandrov,A"]
[Black "Potkin,V"]
[Result "1-0"]
[WhiteElo "2645"]
[BlackElo "2481"]

1.c4 e6 2.d4 d5 3.Nc3 c6 4.e3 Nf6 5.Nf3 Nbd7 6.a3 Bd6 7.c5 Bc7 8.b4 e5 9.dxe5 Nxe5
10.Nd4 Qe7 11.Qc2  1-0

[Event "75th KSU"]
[Site "Copenhagen DEN"]
[Date "2002.02.10"]
[Round "2"]
[White "Schandorff,L"]
[Black "Brinck Claussen,B"]
[Result "1/2-1/2"]
[WhiteElo "2545"]
[BlackElo "2359"]

1.d4 d5 2.c4 c6 3.Nf3 Nf6 4.Nc3 e6 5.e3 Nbd7 6.Bd3 dxc4 7.Bxc4 b5 8.Bd3 a6
9.e4 c5 10.d5 c4 11.Bc2 Qc7 12.O-O Bc5 13.b3 O-O 14.bxc4 bxc4 15.Rb1 Ne5
16.Nxe5 Qxe5 17.Qf3 exd5 18.Nxd5 Nxd5 19.exd5 Bd6 20.g3 Qd4 21.h3 Qa7 22.Kh2 Qd7
23.h4 Qh3+ 24.Kg1 Bg4 25.Qg2 Rab8 26.Be3 Qxg2+ 27.Kxg2 Rb5 28.f3 Bd7 29.a4 Rb4
30.Bf4 Rxb1 31.Rxb1 Bxf4 32.gxf4 g6 33.Rb7 Bf5 34.Bxf5 gxf5 35.Rc7  1/2-1/2

[Event "FSFMA February"]
[Site "Budapest HUN"]
[Date "2002.02.11"]
[Round "10"]
[White "Ignacz,M"]
[Black "Sebrek,J"]
[Result "0-1"]
[WhiteElo "2069"]
[BlackElo "2059"]

1.d4 d5 2.c4 c6 3.Nf3 Nf6 4.e3 e6 5.Nc3 Nbd7 6.Bd3 dxc4 7.Bxc4 b5 8.Bb3 Bb7
9.O-O a6 10.Re1 Be7 11.e4 Qc7 12.e5 Nd5 13.Ne4 c5 14.dxc5 Nxc5 15.Nxc5 Bxc5
16.a3 O-O 17.Bc2 Ne7 18.Bxh7+ Kxh7 19.Ng5+ Kg8 20.Qh5 Bxf2+ 21.Kh1 Qc2 22.Rf1 Qg6
23.Qg4 Bb6 24.h4 Qc2 25.Bf4 Qxb2 26.Rfb1 Qf2 27.Rf1 Qb2 28.Rfb1 Qc2 29.Rf1 Rad8
30.Rac1 Qb2 31.Rcd1 Rxd1 32.Rxd1 Qf2 33.Nh3 Qc2 34.Rd7 Qxg2+ 35.Qxg2 Bxg2+
36.Kxg2 Ng6 37.Bg3 Bc5 38.Rd3 Rc8 39.Rc3 Ne7 40.Ng5 b4 41.axb4 Bxb4 42.Rd3 Nd5
43.Rf3 Rc7 44.Ne4 a5 45.Nd6 a4 46.Nb5 Rc2+ 47.Kh3 Ne7 48.Nd6 Nf5 49.Nb5 Nxg3
50.Kxg3 Rc5 51.Nd6 Rc3  0-1

[Event "XVIII Open"]
[Site "Cappelle la Grande FRA"]
[Date "2002.02.11"]
[Round "3"]
[White "Lukov,V"]
[Black "Meynard,T"]
[Result "1-0"]
[WhiteElo "2478"]
[BlackElo "2190"]

1.Nf3 d5 2.c4 c6 3.e3 Nf6 4.Nc3 e6 5.d4 Nbd7 6.Bd3 dxc4 7.Bxc4 b5 8.Be2 a6
9.e4 b4 10.e5 bxc3 11.exf6 cxb2 12.fxg7 Bxg7 13.Bxb2 Bb7 14.O-O c5 15.Qd2 O-O
16.Rfd1 Rb8 17.Rac1 Bd5 18.Bc3 cxd4 19.Bxd4 Bxd4 20.Qxd4 Qf6 21.Qg4+ Kh8
22.Rxd5 Rg8 23.Rg5  1-0

[Event "XVIII Open"]
[Site "Cappelle la Grande FRA"]
[Date "2002.02.11"]
[Round "3"]
[White "Paragua,M"]
[Black "Gregoire,S"]
[Result "0-1"]
[WhiteElo "2469"]
[BlackElo "2182"]

1.d4 d5 2.Nf3 Nf6 3.c4 c6 4.Nc3 e6 5.e3 Nbd7 6.Qc2 Bd6 7.g4 Bb4 8.Rg1 Qe7
9.Bd2 a6 10.O-O-O b5 11.cxd5 cxd5 12.g5 Bxc3 13.Bxc3 Ne4 14.Ba5 Bb7 15.Kb1 Rc8
16.Qb3 Nxf2 17.Re1 Rc4 18.a3 Qd6 19.Rg2 Ne4 20.Nd2 Nxd2+ 21.Rxd2 Ra4 22.Bb4 Qb6
23.Rc1 Nb8 24.Qc3 Nc6 25.Bc5 Qa5 26.Qxa5 Nxa5 27.Ka2 Rc4 28.Bxc4 dxc4 29.Rf1 c3
30.Rdf2 Bd5+ 31.Kb1 Be4+ 32.Kc1 Nb3+ 33.Kd1 Bd3 34.Rg1 c2+ 35.Rxc2 Bxc2+
36.Kxc2 Na5 37.Kc3 g6 38.a4 Nc6 39.axb5 axb5 40.Ra1 Kd7 41.Rf1 Nd8 42.e4 h6
43.Ra1 hxg5 44.Ra7+ Kc6 45.Ra6+ Kd7 46.d5 exd5 47.exd5 Rxh2 48.Ra7+ Kc8 49.Bd6 Rh3+
50.Kb4 Nb7 51.Be7 Kb8 52.Ra6 Rd3 53.Rf6 Rxd5 54.Rxf7 g4 55.Bh4 Rd4+ 56.Kc3 Rc4+
57.Kd2 Nc5 58.Rg7 Rd4+ 59.Kc2 Rc4+ 60.Kb1 Ne4 61.b3 Rc6 62.Re7 Nc5 63.Re5 Kb7
64.Re3 Re6 65.Rc3 Ne4 66.Rc1 g5 67.Be1 g3 68.Bb4 Rf6 69.Rg1 Rf3 70.Kc2 Kc6
71.Ba5 Kd5 72.Bb6 Ke5 73.b4 Kf4 74.Bc7+ Kg4 75.Re1 Nf6 76.Bb6 Nd5 77.Bc5 g2
78.Kd2 Rf6 79.Re4+ Nf4  0-1

[Event "XVIII Open"]
[Site "Cappelle la Grande FRA"]
[Date "2002.02.12"]
[Round "4"]
[White "Winants,L"]
[Black "Fridman,D"]
[Result "0-1"]
[WhiteElo "2488"]
[BlackElo "2571"]

1.d4 d5 2.c4 c6 3.Nc3 Nf6 4.e3 e6 5.Nf3 Nbd7 6.Bd3 dxc4 7.Bxc4 b5 8.Bb3 Bb7
9.O-O Be7 10.e4 b4 11.e5 bxc3 12.exf6 Nxf6 13.bxc3 O-O 14.Rb1 Qc7 15.Bc2 Ba6
16.Bd3 Bxd3 17.Qxd3 c5 18.Bg5 h6 19.Bxf6 Bxf6 20.Rb5 cxd4 21.cxd4 Rfd8 22.g3 Rd7
23.Qe4 Rad8 24.Rfb1 Qc4 25.Rb7 Rxb7 26.Rxb7 Qxa2 27.Kg2 Qa6 28.h4 Rc8 29.Ne5 Bxe5
30.dxe5 Qa5 31.Qf3 Rf8 32.Qe4 Rc8 33.Qf3 Rf8 34.Qe4 Qc5 35.Kg1 a5 36.Qf4 Qc6
37.Ra7 Qb6 38.Re7 Qd8 39.Ra7 Qb6 40.Re7 Qb1+ 41.Kh2 Qb3 42.Kg1 Qd1+ 43.Kh2 Qd8
44.Rb7 Qa8 45.Rd7 Qc6 46.Ra7 Qb6 47.Rd7 Qc6 48.Ra7 Qc5 49.Qe3 Qxe3 50.fxe3 Rd8
51.Rxa5 Rd3 52.h5 Rxe3 53.g4 Kh7 54.Ra7 Rxe5 55.Rxf7 Kg8 56.Ra7 Re3 57.Kg2 Kf8
58.Kf2 Rd3 59.Rb7 Ra3 60.Rc7 Ra8 61.Kf3 Re8 62.Ke4 Re7 63.Rc5 Ra7 64.Ke5 Ke7
65.Rb5 Kd7 66.Rb1 Ra5+ 67.Kf4 Ra4+ 68.Kf3 Ke7 69.Rb7+ Kf6 70.Rc7 Ra8 71.Ke4 Re8
72.Kf4 Re7 73.Rc8 e5+ 74.Kg3 Ke6 75.Rd8 Rf7 76.Re8+ Kd5 77.g5 Rf5 78.gxh6 gxh6
79.Kg4 Rf4+ 80.Kg3 Rf5 81.Kg4 Rg5+ 82.Kh4 e4 83.Rh8 e3 84.Rxh6 Re5 85.Rg6 e2
86.Rg1 e1=Q+ 87.Rxe1 Rxe1 88.Kg5 Ke6 89.Kg6 Rg1+ 90.Kh7 Kf7  0-1